[Event "Deutsche Ländermeisterschaft 2015"]
[Site "Hannover GER"]
[Date "2015.10.03"]
[Round "1"]
[White "Uksini, Bardhyl"]
[Black "Carow, Johannes"]
[Result "0-1"]
[Termination "normal"]
[Board "1.1"]
[BlackTitle "FM"]
[WhiteElo "2307"]
[BlackElo "2430"]
[WhiteTeam "Hamburg"]
[BlackTeam "Rheinland-Pfalz"]
[PlyCount "60"]
[WhiteFideId "1628313"]
[BlackFideId "24692050"]
[EventCountry "GER"]
[EventRounds "7"]
[EventType "team-swiss"]
[EventDate "2015.10.02"]

1. d4 Nf6 2. c4 g6 3. Nc3 d5 4. cxd5 Nxd5 5. Bd2 Nb6 6. Nf3 Bg7 7. e4 Bxd4 8.
Nxd4 Qxd4 9. Qc2 c6 10. Rd1 Qf6 11. Be2 e5 12. O-O Be6 13. f4 Bc4 14. fxe5 Qe7
15. Bh6 N8d7 16. Bg7 Rg8 17. Bf6 Nxf6 18. exf6 Qc5+ 19. Kh1 Be6 20. Qd2 Nd7 21.
b4 Qe5 22. b5 Nxf6 23. bxc6 bxc6 24. Rf3 Ke7 25. Rd3 Rge8 26. Qh6 Rad8 27. h3
Rxd3 28. Rxd3 g5 29. Bg4 Bxg4 30. hxg4 Nxg4 0-1

[Event "Deutsche Ländermeisterschaft 2015"]
[Site "Hannover GER"]
[Date "2015.10.03"]
[Round "1"]
[White "Keymer, Vincent"]
[Black "Kramer, Julian"]
[Result "0-1"]
[Termination "normal"]
[Board "1.2"]
[BlackTitle "FM"]
[WhiteElo "2356"]
[BlackElo "2323"]
[WhiteTeam "Rheinland-Pfalz"]
[BlackTeam "Hamburg"]
[PlyCount "74"]
[WhiteFideId "12940690"]
[BlackFideId "12921742"]
[EventCountry "GER"]
[EventRounds "7"]
[EventType "team-swiss"]
[EventDate "2015.10.02"]

1. d4 Nf6 2. c4 g6 3. Nc3 d5 4. cxd5 Nxd5 5. Bd2 Bg7 6. e4 Nxc3 7. Bxc3 O-O 8.
Nf3 Bg4 9. Be2 c5 10. d5 e6 11. Qb3 Qb6 12. Bc4 Bxc3+ 13. bxc3 Qxb3 14. Bxb3
Bxf3 15. gxf3 e5 16. a4 Nd7 17. a5 b5 18. axb6 axb6 19. Kd2 b5 20. c4 b4 21. h4
Nb6 22. Ke3 f6 23. f4 Kf7 24. fxe5 fxe5 25. f4 exf4+ 26. Kxf4 Ke7+ 27. Kg5 Kd6
28. e5+ Kxe5 29. Rhe1+ Kd6 30. Re6+ Kc7 31. Re7+ Nd7 32. Rxa8 Rxa8 33. Rxh7 Ra3
34. Bd1 Kd6 35. Kxg6 Nf8+ 36. Kg7 Nxh7 37. Kxh7 b3 0-1

[Event "Deutsche Ländermeisterschaft 2015"]
[Site "Hannover GER"]
[Date "2015.10.03"]
[Round "1"]
[White "Pfreundt, Jakob"]
[Black "Wilhelm, Till"]
[Result "1/2-1/2"]
[Termination "normal"]
[Board "1.3"]
[WhiteElo "2274"]
[BlackElo "2209"]
[WhiteTeam "Hamburg"]
[BlackTeam "Rheinland-Pfalz"]
[PlyCount "99"]
[WhiteFideId "12918156"]
[BlackFideId "12942391"]
[EventCountry "GER"]
[EventRounds "7"]
[EventType "team-swiss"]
[EventDate "2015.10.02"]

1. e4 e5 2. Nf3 Nc6 3. Nc3 Nf6 4. Bb5 Nd4 5. Nxd4 exd4 6. e5 dxc3 7. exf6 Qxf6
8. dxc3 Bc5 9. Qe2+ Qe6 10. Bc4 Qxe2+ 11. Kxe2 O-O 12. Bf4 d6 13. Rhe1 Be6 14.
Bd3 Rfe8 15. Kf1 h6 16. h4 Re7 17. Re2 Rae8 18. Rae1 Kf8 19. a4 a6 20. a5 Bg4
21. f3 Bd7 22. h5 Rxe2 23. Rxe2 Rxe2 24. Kxe2 Ke7 25. b4 Ba7 26. g4 Be6 27. Be4
Bc4+ 28. Kd2 c6 29. Bf5 Be6 30. Bd3 Bg1 31. Ke2 Ba7 32. Bc1 Bc8 33. Bb2 c5 34.
Be4 b6 35. Kd3 bxa5 36. bxa5 Bb8 37. c4 f6 38. Bd5 Bc7 39. Bc3 Bd8 40. Ke3 Kf8
41. Kf4 Be7 42. Kg3 f5 43. gxf5 Bf6 44. Be1 Ke7 45. Kf4 Kd8 46. Ke4 Kc7 47. Be6
Bb7+ 48. Bd5 Bc8 49. Be6 Bb7+ 50. Bd5 1/2-1/2

[Event "Deutsche Ländermeisterschaft 2015"]
[Site "Hannover GER"]
[Date "2015.10.03"]
[Round "1"]
[White "Rogozenco, Teodora"]
[Black "Karsay, Pascal"]
[Result "1/2-1/2"]
[Termination "normal"]
[Board "1.5"]
[WhiteElo "2110"]
[BlackElo "2100"]
[WhiteTeam "Hamburg"]
[BlackTeam "Rheinland-Pfalz"]
[PlyCount "90"]
[WhiteFideId "12938084"]
[BlackFideId "12953474"]
[EventCountry "GER"]
[EventRounds "7"]
[EventType "team-swiss"]
[EventDate "2015.10.02"]

1. d4 Nf6 2. Nf3 e6 3. c4 Bb4+ 4. Bd2 a5 5. Nc3 b6 6. b3 Ba6 7. e3 d5 8. Bd3
O-O 9. O-O Nbd7 10. Qe2 Re8 11. a3 Bf8 12. e4 dxe4 13. Nxe4 Bb7 14. Bc3 Nxe4
15. Bxe4 Bxe4 16. Qxe4 Nf6 17. Qc2 c6 18. Bb2 Qc7 19. Rad1 Rad8 20. Rd2 c5 21.
d5 e5 22. Re2 Bd6 23. Rfe1 Nd7 24. Ng5 Nf8 25. f4 f6 26. Nf3 Ng6 27. g3 Re7 28.
fxe5 Nxe5 29. Nxe5 Bxe5 30. Bxe5 Rxe5 31. Rxe5 fxe5 32. Qf5 Re8 33. Re4 Qd6 34.
Kg2 g6 35. Qg5 Qe7 36. Qe3 Qf6 37. Rf4 exf4 38. Qxe8+ Kg7 39. Qd7+ Kh6 40. Qh3+
Kg7 41. Qd7+ Kh6 42. d6 f3+ 43. Kf2 Qd4+ 44. Kxf3 Qd1+ 45. Kg2 Qe2+ 1/2-1/2

[Event "Deutsche Ländermeisterschaft 2015"]
[Site "Hannover GER"]
[Date "2015.10.03"]
[Round "1"]
[White "Schwarz, Larissa"]
[Black "Woelk, Tom-Frederic"]
[Result "1-0"]
[Termination "normal"]
[Board "1.6"]
[WhiteElo "1928"]
[BlackElo "1806"]
[WhiteTeam "Rheinland-Pfalz"]
[BlackTeam "Hamburg"]
[PlyCount "119"]
[WhiteFideId "24699004"]
[BlackFideId "12993077"]
[EventCountry "GER"]
[EventRounds "7"]
[EventType "team-swiss"]
[EventDate "2015.10.02"]

1. e4 c5 2. Nf3 d6 3. d4 cxd4 4. Nxd4 Nf6 5. Nc3 a6 6. Be3 e5 7. Nb3 Be6 8. f3
Be7 9. Qd2 Nbd7 10. O-O-O b5 11. g4 Nb6 12. Na5 Qc7 13. g5 Nfd7 14. Nd5 Bxd5
15. exd5 Rc8 16. Nc6 Nxd5 17. Qxd5 Qxc6 18. Qxc6 Rxc6 19. f4 Nc5 20. Bg2 Rc7
21. Rd5 f6 22. fxe5 dxe5 23. gxf6 gxf6 24. Bf3 Kf7 25. Rhd1 Rhc8 26. Bg4 Rg8
27. h3 Ne4 28. R5d3 Ng5 29. Rd7 Rgc8 30. R7d2 Rh8 31. Bxg5 fxg5 32. Rf2+ Kg7
33. Rd5 Bf6 34. Rd6 Rf8 35. Rxa6 Rff7 36. Bh5 Rf8 37. Rb6 Ra7 38. a3 Ra5 39.
Be2 e4 40. Kb1 Bd4 41. Rb7+ Kg8 42. Rxf8+ Kxf8 43. Rxh7 b4 44. axb4 Rf5 45. Rd7
Bf6 46. b5 Ke8 47. Rd1 Bd8 48. c4 Ke7 49. b4 Rf4 50. Rd5 Ke8 51. Bh5+ Ke7 52.
Rxg5 e3 53. Be2 Ke6 54. Rg4 Rxg4 55. hxg4 Ke5 56. Kc2 Kd4 57. c5 Kd5 58. Kd3
Bg5 59. Bf3+ Ke6 60. b6 1-0

[Event "Deutsche Ländermeisterschaft 2015"]
[Site "Hannover GER"]
[Date "2015.10.03"]
[Round "1"]
[White "Christiansen, Anna"]
[Black "Ley, Sabrina"]
[Result "1/2-1/2"]
[Termination "normal"]
[Board "1.7"]
[WhiteElo "1467"]
[BlackElo "1833"]
[WhiteTeam "Hamburg"]
[BlackTeam "Rheinland-Pfalz"]
[PlyCount "83"]
[WhiteFideId "12952230"]
[BlackFideId "12938130"]
[EventCountry "GER"]
[EventRounds "7"]
[EventType "team-swiss"]
[EventDate "2015.10.02"]

1. e4 c5 2. Nc3 a6 3. a4 e6 4. f4 b6 5. Nf3 Bb7 6. d3 d6 7. Be2 Nf6 8. O-O d5
9. e5 Nfd7 10. Qe1 Nc6 11. Qg3 Qc7 12. Rd1 O-O-O 13. Kh1 h6 14. Na2 g5 15. c3
Be7 16. d4 c4 17. Bf1 Na5 18. Nb4 Nb3 19. Ra2 Rdg8 20. Nc2 gxf4 21. Qxf4 Rg7
22. Ne3 Nf8 23. Ng4 h5 24. Nf2 Ng6 25. Qe3 Qd8 26. Nh3 Nh4 27. Nxh4 Bxh4 28.
Qf3 Qe7 29. Be3 Qe8 30. g3 Bd8 31. Nf4 h4 32. g4 Qg8 33. Bh3 Qf8 34. Rg1 Rhg8
35. Qe2 Qe8 36. Qf3 Bc6 37. Qe2 Kb7 38. Qf3 Ka7 39. Nh5 Rg6 40. Nf4 R6g7 41.
Nh5 Rh7 42. Nf4 1/2-1/2

[Event "Deutsche Ländermeisterschaft 2015"]
[Site "Hannover GER"]
[Date "2015.10.03"]
[Round "1"]
[White "Kalina, Lena"]
[Black "Kieckbusch, Lotta"]
[Result "1-0"]
[Termination "normal"]
[Board "1.8"]
[WhiteElo "1086"]
[BlackElo "993"]
[WhiteTeam "Rheinland-Pfalz"]
[BlackTeam "Hamburg"]
[PlyCount "73"]
[WhiteFideId "12988014"]
[BlackFideId "16214390"]
[EventCountry "GER"]
[EventRounds "7"]
[EventType "team-swiss"]
[EventDate "2015.10.02"]

1. e4 c6 2. Nc3 d5 3. Nf3 Bg4 4. h3 Bh5 5. d3 d4 6. g4 dxc3 7. gxh5 cxb2 8.
Bxb2 Nf6 9. Nd2 Qc7 10. Qf3 Nbd7 11. Rg1 O-O-O 12. Qg3 Qxg3 13. Rxg3 Nxh5 14.
Rf3 Nhf6 15. Rb1 e5 16. h4 Bb4 17. c3 Bd6 18. d4 Rde8 19. Re3 Kb8 20. f3 Ka8
21. Nc4 Bc7 22. Ba3 b5 23. Bd6 Bxd6 24. Nxd6 Re7 25. d5 cxd5 26. Bxb5 Nc5 27.
Bc6+ Nb7 28. Nxb7 Rb8 29. Na5+ Reb7 30. Nxb7 Rxb7 31. Rxb7 a6 32. Rb1+ Ka7 33.
exd5 a5 34. c4 h6 35. Reb3 Ka6 36. Rb8 Ka7 37. Ra8# 1-0

[Event "Deutsche Ländermeisterschaft 2015"]
[Site "Hannover GER"]
[Date "2015.10.03"]
[Round "1"]
[White "Bilchinski, Anton"]
[Black "Richter, Leonard"]
[Result "1/2-1/2"]
[Termination "normal"]
[Board "2.1"]
[WhiteTitle "FM"]
[WhiteElo "2271"]
[BlackElo "2281"]
[WhiteTeam "Bayern"]
[BlackTeam "Sachsen"]
[PlyCount "101"]
[WhiteFideId "24615765"]
[BlackFideId "12900290"]
[EventCountry "GER"]
[EventRounds "7"]
[EventType "team-swiss"]
[EventDate "2015.10.02"]

1. d4 Nf6 2. c4 g6 3. Nc3 Bg7 4. e4 d6 5. Nf3 O-O 6. Be2 e5 7. O-O Nc6 8. d5
Ne7 9. Ne1 Nd7 10. Be3 f5 11. f3 f4 12. Bf2 g5 13. a4 a5 14. Nd3 b6 15. Be1 Nf6
16. b4 axb4 17. Nb5 g4 18. Bxb4 g3 19. Qd2 Ng6 20. h3 Nh4 21. a5 bxa5 22. Rxa5
Rxa5 23. Bxa5 Ne8 24. Rc1 Rf6 25. c5 Nxg2 26. Nxd6 Rh6 27. Nxc8 Qxc8 28. Bf1
Ne3 29. d6 g2 30. Bxg2 Nxg2 31. Nf2 cxd6 32. cxd6 Qd7 33. Qd5+ Kh8 34. Rc7 Qxd6
35. Qxd6 Rxd6 36. Rc8 Re6 37. Kxg2 h5 38. Nd3 Kh7 39. Bc3 Nd6 40. Rc5 Nf7 41.
Kf2 Bf6 42. Ke2 Kg6 43. Rc7 Ra6 44. Nb4 Re6 45. Rc6 Rxc6 46. Nxc6 Bg7 47. Ne7+
Kf6 48. Nd5+ Kg6 49. Ne7+ Kf6 50. Nd5+ Kg6 51. Ne7+ 1/2-1/2

[Event "Deutsche Ländermeisterschaft 2015"]
[Site "Hannover GER"]
[Date "2015.10.03"]
[Round "1"]
[White "Urban, Konstantin"]
[Black "Gretz, Denis"]
[Result "0-1"]
[Termination "normal"]
[Board "2.2"]
[WhiteElo "2182"]
[BlackElo "2129"]
[WhiteTeam "Sachsen"]
[BlackTeam "Bayern"]
[PlyCount "72"]
[WhiteFideId "12927511"]
[BlackFideId "12945188"]
[EventCountry "GER"]
[EventRounds "7"]
[EventType "team-swiss"]
[EventDate "2015.10.02"]

1. e4 c5 2. Nf3 d6 3. d4 cxd4 4. Nxd4 Nf6 5. Nc3 a6 6. Bg5 e6 7. f4 Qb6 8. Nb3
Nbd7 9. Qf3 Qc7 10. O-O-O b5 11. a3 Rb8 12. Bd3 b4 13. axb4 Rxb4 14. Rhe1 Be7
15. Kb1 Bb7 16. Bh4 Nxe4 17. Bxe4 Bxh4 18. Re3 Be7 19. Bxb7 Qxb7 20. Qg3 Nf6
21. Rd4 O-O 22. Qh3 Rb8 23. Rxb4 Qxb4 24. Qf3 a5 25. Qc6 Qxf4 26. Qc7 Re8 27.
Rd3 a4 28. Rd4 Qf1+ 29. Rd1 Qa6 30. Nd4 Bf8 31. Nc6 a3 32. b4 Rc8 33. Ne7+ Bxe7
34. Qxe7 Qc4 35. Rxd6 Qxb4+ 36. Kc1 Re8 0-1

[Event "Deutsche Ländermeisterschaft 2015"]
[Site "Hannover GER"]
[Date "2015.10.03"]
[Round "1"]
[White "Hess, Max"]
[Black "Herbrig, Alexander"]
[Result "1-0"]
[Termination "normal"]
[Board "2.3"]
[WhiteElo "2221"]
[BlackElo "2017"]
[WhiteTeam "Bayern"]
[BlackTeam "Sachsen"]
[PlyCount "87"]
[WhiteFideId "24656666"]
[BlackFideId "12952044"]
[EventCountry "GER"]
[EventRounds "7"]
[EventType "team-swiss"]
[EventDate "2015.10.02"]

1. e4 e5 2. Nf3 Nc6 3. Be2 Nf6 4. d3 Be7 5. O-O O-O 6. c3 d5 7. Nbd2 h6 8. Qc2
Be6 9. b3 Re8 10. Bb2 Bf8 11. b4 a6 12. a3 Nh5 13. g3 g6 14. Rfe1 Bg7 15. Bf1
f5 16. exd5 Bxd5 17. c4 Bf7 18. Bg2 Rb8 19. Rad1 g5 20. Nb3 Re7 21. b5 Nd4 22.
Nfxd4 exd4 23. Rxe7 Qxe7 24. Nxd4 Qd7 25. Nf3 axb5 26. Bxg7 Nxg7 27. Ne5 Qd6
28. Nxf7 Kxf7 29. cxb5 Ne6 30. d4 Kf6 31. Qc3 Kg6 32. a4 Rd8 33. d5 b6 34. Rc1
Nc5 35. a5 Ra8 36. a6 Rd8 37. Re1 Ne4 38. Bxe4 fxe4 39. Qc4 Qxd5 40. Qxd5 Rxd5
41. Rxe4 Kf6 42. Kg2 h5 43. Re8 Kf7 44. Rb8 1-0

[Event "Deutsche Ländermeisterschaft 2015"]
[Site "Hannover GER"]
[Date "2015.10.03"]
[Round "1"]
[White "Hofmann, Rares"]
[Black "Tong, Kevin"]
[Result "1/2-1/2"]
[Termination "normal"]
[Board "2.4"]
[WhiteElo "2022"]
[BlackElo "2021"]
[WhiteTeam "Sachsen"]
[BlackTeam "Bayern"]
[PlyCount "111"]
[WhiteFideId "12976440"]
[BlackFideId "12913944"]
[EventCountry "GER"]
[EventRounds "7"]
[EventType "team-swiss"]
[EventDate "2015.10.02"]

1. e4 c5 2. Nf3 g6 3. d4 cxd4 4. Nxd4 Bg7 5. Nc3 Nc6 6. Be3 Nf6 7. Bc4 O-O 8.
Bb3 b6 9. O-O Bb7 10. f4 d6 11. Nxc6 Bxc6 12. Qd3 Qc7 13. Rae1 Rad8 14. f5 Qb7
15. Bd4 b5 16. fxg6 hxg6 17. Bxf6 exf6 18. Qg3 Qb6+ 19. Kh1 Qc5 20. Qxg6 Qg5
21. Qxg5 fxg5 22. Rf5 b4 23. Nd5 Bxd5 24. Bxd5 g4 25. Rg5 Rc8 26. Bb3 Rc5 27.
Rxg4 Rh5 28. Rf1 a5 29. Rf3 Rh7 30. Rf6 a4 31. Bxa4 Kh8 32. Rxd6 Be5 33. Rd3
Bxh2 34. Rh3 Rxh3 35. gxh3 Be5 36. Bb3 Bxb2 37. Rf4 Kg7 38. Kg2 f6 39. Rg4+ Kh6
40. Rg8 Rxg8+ 41. Bxg8 Kg5 42. Kf3 f5 43. exf5 Kxf5 44. Ke3 Bf6 45. Kd3 Be7 46.
Kc4 Kg5 47. c3 bxc3 48. Kxc3 Bc5 49. Kc4 Bf2 50. a4 Be1 51. Kb5 Kh4 52. Be6 Kg5
53. a5 Bxa5 54. Kxa5 Kh6 55. Kb6 Kg7 56. Kc5 1/2-1/2

[Event "Deutsche Ländermeisterschaft 2015"]
[Site "Hannover GER"]
[Date "2015.10.03"]
[Round "1"]
[White "Schneider, Jana"]
[Black "Moses, Selina"]
[Result "1-0"]
[Termination "normal"]
[Board "2.5"]
[WhiteElo "2024"]
[BlackElo "1926"]
[WhiteTeam "Bayern"]
[BlackTeam "Sachsen"]
[PlyCount "79"]
[WhiteFideId "12924997"]
[BlackFideId "12908070"]
[EventCountry "GER"]
[EventRounds "7"]
[EventType "team-swiss"]
[EventDate "2015.10.02"]

1. e4 c5 2. Nf3 d6 3. Bb5+ Bd7 4. Bxd7+ Qxd7 5. O-O Nc6 6. Re1 e6 7. c3 Nge7 8.
d4 cxd4 9. cxd4 d5 10. Nc3 dxe4 11. Nxe4 Nd5 12. Ne5 Nxe5 13. dxe5 h6 14. Be3
Bb4 15. Bd2 Be7 16. Qg4 g6 17. Rac1 Rc8 18. Rcd1 Qb5 19. b3 Qa6 20. Bc1 Rd8 21.
Be3 Qxa2 22. Bc5 O-O 23. Bxe7 Nxe7 24. Rxd8 Rxd8 25. Qh4 Qa5 26. b4 Qc7 27. Qf4
Nf5 28. g4 Nd4 29. Kg2 Nc6 30. Re3 Kg7 31. Nf6 Qe7 32. Rh3 g5 33. Qe4 Nxe5 34.
Nh5+ Kf8 35. Qxe5 Qxb4 36. Qh8+ Ke7 37. Qf6+ Kd7 38. Rd3+ Kc6 39. Rxd8 Qxg4+
40. Ng3 1-0

[Event "Deutsche Ländermeisterschaft 2015"]
[Site "Hannover GER"]
[Date "2015.10.03"]
[Round "1"]
[White "Simon, Tessa"]
[Black "Siegl, Melina"]
[Result "1-0"]
[Termination "normal"]
[Board "2.6"]
[WhiteElo "1838"]
[BlackElo "1926"]
[WhiteTeam "Sachsen"]
[BlackTeam "Bayern"]
[PlyCount "67"]
[WhiteFideId "12929395"]
[BlackFideId "1272126"]
[EventCountry "GER"]
[EventRounds "7"]
[EventType "team-swiss"]
[EventDate "2015.10.02"]

1. e4 e6 2. d4 d5 3. Nc3 Be7 4. Nf3 Nf6 5. Bd3 c5 6. e5 Nfd7 7. Be3 Nc6 8. dxc5
Ndxe5 9. Nxe5 Nxe5 10. Bd4 Nxd3+ 11. Qxd3 f6 12. f4 a6 13. O-O-O Qc7 14. Qe3
Qc6 15. g4 Bd7 16. g5 O-O-O 17. Rhg1 Rhg8 18. gxf6 gxf6 19. Rxg8 Rxg8 20. Rg1
Rg6 21. Ne2 Be8 22. Ng3 Rg8 23. Re1 Bf7 24. Qc3 Qc7 25. Qe3 Kb8 26. Nf5 Rg2 27.
Nxe7 Qxe7 28. Qh3 Rg7 29. Qh4 Rg6 30. f5 Rg5 31. fxe6 Bxe6 32. Qf4+ Kc8 33.
Bxf6 Rf5 34. Qxf5 1-0

[Event "Deutsche Ländermeisterschaft 2015"]
[Site "Hannover GER"]
[Date "2015.10.03"]
[Round "1"]
[White "Weller, Uli"]
[Black "Nguyen, Alex Dac-Vuong"]
[Result "1-0"]
[Termination "normal"]
[Board "2.7"]
[WhiteElo "1921"]
[BlackElo "1824"]
[WhiteTeam "Bayern"]
[BlackTeam "Sachsen"]
[PlyCount "53"]
[WhiteFideId "12971782"]
[BlackFideId "12984388"]
[EventCountry "GER"]
[EventRounds "7"]
[EventType "team-swiss"]
[EventDate "2015.10.02"]

1. e4 e6 2. d4 d5 3. e5 c5 4. c3 Nc6 5. Nf3 Qb6 6. Bd3 cxd4 7. cxd4 Bd7 8. O-O
Nxd4 9. Nxd4 Qxd4 10. Nc3 a6 11. Qe2 Qb6 12. Kh1 Ne7 13. f4 g6 14. Be3 Qc7 15.
Rac1 Bc6 16. b4 Nf5 17. b5 axb5 18. Nxb5 Qd7 19. Bb6 Rc8 20. a4 h5 21. Na7 Ra8
22. Nxc6 bxc6 23. Rxc6 Be7 24. Rc7 Qd8 25. Bxf5 gxf5 26. Qb5+ Kf8 27. Rxe7 1-0

[Event "Deutsche Ländermeisterschaft 2015"]
[Site "Hannover GER"]
[Date "2015.10.03"]
[Round "1"]
[White "Nguyen, Phuong Thao Vivien"]
[Black "Khamenya, Vitalia"]
[Result "0-1"]
[Termination "normal"]
[Board "2.8"]
[WhiteElo "1205"]
[BlackElo "1565"]
[WhiteTeam "Sachsen"]
[BlackTeam "Bayern"]
[PlyCount "98"]
[WhiteFideId "16210735"]
[BlackFideId "12959260"]
[EventCountry "GER"]
[EventRounds "7"]
[EventType "team-swiss"]
[EventDate "2015.10.02"]

1. Nf3 g6 2. g3 Bg7 3. Bg2 d6 4. O-O Nd7 5. e4 e5 6. d3 Ne7 7. c3 f5 8. exf5
Nxf5 9. Bg5 Nf6 10. Re1 O-O 11. a4 h6 12. Bd2 g5 13. h3 Kh8 14. Na3 Bd7 15. Nc4
Qc8 16. Kh2 Ne7 17. Ng1 Ng6 18. Be3 g4 19. h4 c6 20. Nxd6 Qc7 21. Ne4 b6 22.
Nxf6 Rxf6 23. Qd2 Ne7 24. Qe2 Raf8 25. d4 Nf5 26. dxe5 Qxe5 27. Bxh6 Qxe2 28.
Bxg7+ Nxg7 29. Rxe2 Rxf2 30. Rxf2 Rxf2 31. Rd1 Be6 32. Rd8+ Kh7 33. Kh1 Nh5 34.
Be4+ Kg7 35. Rd3 Bc4 36. Re3 c5 37. b4 Kf6 38. bxc5 bxc5 39. Bc6 Bf1 40. Bd5 c4
41. Re6+ Kg7 42. Re3 Kf8 43. Bc6 Bd3 44. Re8+ Kg7 45. Re3 Kf6 46. Bd5 Ng7 47.
Be4 Bf1 48. Bh7 Bg2+ 49. Kh2 Bf3# 0-1

[Event "Deutsche Ländermeisterschaft 2015"]
[Site "Hannover GER"]
[Date "2015.10.03"]
[Round "1"]
[White "Bauer, Andreas"]
[Black "Noe, Christopher"]
[Result "0-1"]
[Termination "normal"]
[Board "3.1"]
[BlackTitle "FM"]
[WhiteElo "2242"]
[BlackElo "2407"]
[WhiteTeam "Baden 2"]
[BlackTeam "Baden 1"]
[PlyCount "64"]
[WhiteFideId "4625030"]
[BlackFideId "24692018"]
[EventCountry "GER"]
[EventRounds "7"]
[EventType "team-swiss"]
[EventDate "2015.10.02"]

1. d4 Nf6 2. Bf4 g6 3. e3 Bg7 4. Nf3 d6 5. Be2 O-O 6. h3 Nbd7 7. O-O Qe8 8. Na3
e5 9. Bh2 Qe7 10. Nb5 Ne8 11. c4 c6 12. Nc3 f5 13. b4 Kh8 14. Qb3 g5 15. Rad1
h5 16. c5 d5 17. Nxe5 Nxe5 18. Bxe5 Bxe5 19. dxe5 Qxe5 20. Bxh5 Nf6 21. Be2 f4
22. exf4 gxf4 23. Rfe1 Qg5 24. Nb1 Rg8 25. Bf1 Qh4 26. Nd2 Bxh3 27. Nf3 Rxg2+
28. Bxg2 Qg4 29. Nh4 Bxg2 30. f3 Bxf3+ 31. Kf1 Qh3+ 32. Kf2 Ng4+ 0-1

[Event "Deutsche Ländermeisterschaft 2015"]
[Site "Hannover GER"]
[Date "2015.10.03"]
[Round "1"]
[White "Ruff, Maximilian"]
[Black "Grunau, Christoph"]
[Result "0-1"]
[Termination "normal"]
[Board "3.2"]
[WhiteTitle "FM"]
[WhiteElo "2318"]
[BlackElo "2194"]
[WhiteTeam "Baden 1"]
[BlackTeam "Baden 2"]
[PlyCount "82"]
[WhiteFideId "1271670"]
[BlackFideId "12929760"]
[EventCountry "GER"]
[EventRounds "7"]
[EventType "team-swiss"]
[EventDate "2015.10.02"]

1. d4 d6 2. c4 e5 3. d5 f5 4. e4 Nf6 5. exf5 Bxf5 6. Nc3 c6 7. Nge2 Nbd7 8. Ng3
Bg6 9. Bd3 Bf7 10. O-O Be7 11. Nf5 O-O 12. Bg5 cxd5 13. cxd5 h6 14. Bh4 Nb6 15.
Bc2 Kh8 16. Qd3 Bg8 17. Rad1 Bh7 18. Qh3 Qd7 19. Bb1 g5 20. Nxe7 Qxh3 21. gxh3
gxh4 22. Bxh7 Kxh7 23. Nf5 Rad8 24. Nxh4 Nh5 25. Ng2 Rf3 26. Ne4 Rxh3 27. f4
Nc4 28. b3 Ne3 29. Rd3 Rg8 30. Rf2 Nxg2 31. Rxh3 Ngxf4+ 32. Rg3 Nxg3 33. Nf6+
Kg7 34. Nxg8 Nh3+ 35. Kg2 Nxf2 36. Ne7 Nge4 37. Kf3 Kf6 38. Ng8+ Kg5 39. h4+
Kg6 40. a3 Nf6 41. h5+ Kg7 0-1

[Event "Deutsche Ländermeisterschaft 2015"]
[Site "Hannover GER"]
[Date "2015.10.03"]
[Round "1"]
[White "Boes, Julian"]
[Black "Gschnitzer, Adrian"]
[Result "1-0"]
[Termination "normal"]
[Board "3.3"]
[WhiteElo "2083"]
[BlackElo "2116"]
[WhiteTeam "Baden 2"]
[BlackTeam "Baden 1"]
[PlyCount "75"]
[WhiteFideId "12907723"]
[BlackFideId "1270337"]
[EventCountry "GER"]
[EventRounds "7"]
[EventType "team-swiss"]
[EventDate "2015.10.02"]

1. e4 c5 2. b3 Nc6 3. Bb2 e5 4. Bc4 d6 5. d3 Nf6 6. Nc3 Be7 7. Nge2 Be6 8. O-O
O-O 9. h3 Nh5 10. Nd5 Bxd5 11. Bxd5 Bg5 12. g3 Kh8 13. Kh2 f5 14. exf5 Rf6 15.
Bxc6 bxc6 16. f4 exf4 17. g4 Ng3 18. Nxg3 fxg3+ 19. Kxg3 Rh6 20. Qf3 d5 21. Kg2
Bh4 22. Bc1 Rd6 23. Be3 d4 24. Bf4 Rd7 25. Bg3 Bg5 26. Qxc6 Rc8 27. Qf3 Qa5 28.
h4 Be3 29. Be1 Qa6 30. Bf2 Re7 31. a4 Qd6 32. Rae1 Rce8 33. Bxe3 dxe3 34. Re2
Kg8 35. Rfe1 Qd4 36. Kg3 a5 37. Qf4 Qc3 38. Qc4+ 1-0

[Event "Deutsche Ländermeisterschaft 2015"]
[Site "Hannover GER"]
[Date "2015.10.03"]
[Round "1"]
[White "Wiesner, Paula"]
[Black "Mangei, Jasmin"]
[Result "1-0"]
[Termination "normal"]
[Board "3.4"]
[WhiteElo "2103"]
[BlackElo "1867"]
[WhiteTeam "Baden 1"]
[BlackTeam "Baden 2"]
[PlyCount "72"]
[WhiteFideId "24654019"]
[BlackFideId "12951803"]
[EventCountry "GER"]
[EventRounds "7"]
[EventType "team-swiss"]
[EventDate "2015.10.02"]

1. d4 d5 2. c4 e6 3. Nc3 Nf6 4. cxd5 exd5 5. Bg5 Be7 6. e3 O-O 7. Bd3 Nbd7 8.
Qc2 b6 9. Nf3 Bb7 10. O-O c5 11. Ne5 h6 12. Bf4 Nh5 13. Nxd7 Qxd7 14. Be5 Nf6
15. dxc5 bxc5 16. Na4 c4 17. Bf5 Qc6 18. Bd4 Rfe8 19. Rac1 Nd7 20. b3 Nb6 21.
Nb2 Bf6 22. Qc3 Bxd4 23. Qxd4 Re7 24. f3 Ba6 25. a4 Rae8 26. a5 Nc8 27. bxc4
dxc4 28. Nxc4 Qa4 29. Rfd1 Bb5 30. Bxc8 Rxc8 31. Nb2 Rxc1 32. Nxa4 Rd7 33. Qxd7
Bxd7 34. Rxc1 Bxa4 35. Rc8+ Kh7 36. Rc7 Be8 1-0

[Event "Deutsche Ländermeisterschaft 2015"]
[Site "Hannover GER"]
[Date "2015.10.03"]
[Round "1"]
[White "Wiesner, Alexander"]
[Black "Färber, David"]
[Result "1-0"]
[Termination "normal"]
[Board "3.5"]
[WhiteElo "1844"]
[BlackElo "2021"]
[WhiteTeam "Baden 2"]
[BlackTeam "Baden 1"]
[PlyCount "93"]
[WhiteFideId "12943991"]
[BlackFideId "12971294"]
[EventCountry "GER"]
[EventRounds "7"]
[EventType "team-swiss"]
[EventDate "2015.10.02"]

1. f4 d5 2. Nf3 Nf6 3. g3 c5 4. Bg2 Nc6 5. O-O g6 6. d3 Bg7 7. Nc3 d4 8. Na4
Nd7 9. c4 O-O 10. a3 Qc7 11. Rb1 Qd6 12. b4 Rb8 13. Nxc5 Nxc5 14. bxc5 Qxc5 15.
Rb5 Qd6 16. a4 b6 17. Bd2 Qc7 18. Qc2 Ba6 19. Rb2 Nd8 20. Rfb1 Ne6 21. Rb4 Nc5
22. Qb2 Rbd8 23. Qa3 Bc8 24. R4b2 Nb7 25. a5 Nxa5 26. Bxa5 bxa5 27. Rb5 a4 28.
Ne5 Bxe5 29. Rxe5 Rd6 30. Qxa4 Ra6 31. Qc2 f6 32. Reb5 e5 33. Bb7 Rb6 34. Bxc8
Qxc8 35. fxe5 fxe5 36. Rxe5 Rbf6 37. e4 Qc7 38. Reb5 Qf7 39. Qe2 Rf2 40. Qg4
Rc2 41. Rf5 Qc7 42. Rxf8+ Kxf8 43. Rf1+ Kg7 44. Qe6 Qb8 45. Rf7+ Kh6 46. Qh3+
Kg5 47. Qh4# 1-0